| 000 | 00737nam a22001695i 4500 | ||
|---|---|---|---|
| 001 | 161746 | ||
| 003 | ES-MaACL | ||
| 005 | 20230906212342.0 | ||
| 008 | 041026s1879 po |||| | por d | ||
| 040 |
_aCAM _bspa _cCAM |
||
| 100 | 1 |
_aPereira, Gabriel. _990471 |
|
| 245 | 1 | 0 |
_aNotas d'archeologia _b: os castellos ou montes fortificados da Colla e Castro Verde, o dolmen furado da Candieira, ruinas da Citania de Briteiros / _cGabriel Pereira. |
| 260 |
_aEvora : _b[s.n.], _c1879 ( _fTyp. de Francisco da Cunha Bravo) |
||
| 300 |
_a64, [1] p. ; _c21 cm. |
||
| 651 | 4 |
_aBraga (Distrito)- _xRestos arqueológicos romanos. _9151871 |
|
| 852 |
_aES-MaACL _jT-425-F-8 _z-- Enc. hol. _q-- Falto de la cub. original _z-- Enc. en un vol. facticio |
||
| 999 |
_c161746 _d161746 |
||